Digitálne zručnosti v prostredí správy daní diplomová práca

Enregistré dans:
Détails bibliographiques
Auteur principal: Turacová, Natália
Collectivité auteur: Národohospodárska fakulta EU. Katedra financií
Autres auteurs: Ihnatišinová, Denisa, 1983-
Format: Livre
Langue:slovaque
Publié: Bratislava 2023
Tags: Ajouter un tag
Pas de tags, Soyez le premier à ajouter un tag!

MARC

LEADER 00000nbm a2200000 4500
001 0293002
005 20231128130153.3
041 0 |a slo 
044 |a SK 
245 1 0 |a Digitálne zručnosti v prostredí správy daní  |b diplomová práca  |c Natália Turacová ; školiteľ: Denisa Ihnatišinová 
264 1 |a Bratislava  |c 2023 
300 |a 89 s. 
100 1 |a Turacová, Natália 
700 1 |a Ihnatišinová, Denisa, 1983- 
710 2 |a Národohospodárska fakulta EU. Katedra financií